Szuverén adósságválság Portugáliában - Előzmények, európai kontextus és kilábalás

Bibliographic Details
Main Author: Juhász Bence Máté
Other Authors: Antalóczy Dr. Katalin
Format: Thesis
Kulcsszavak:Portugália
adósságválság
Válságkezelés
Online Access:http://dolgozattar.uni-bge.hu/13877

MARC

LEADER 00000nta a2200000 i 4500
001 dolg13877
005 20180524123054.0
008 171211suuuu hu om 000 hun d
040 |a BGE Dolgozattár Repozitórium  |b hun 
041 |a hu 
100 1 |a Juhász Bence Máté 
245 1 0 |a Szuverén adósságválság Portugáliában - Előzmények, európai kontextus és kilábalás  |c Juhász Bence Máté  |h [elektronikus dokumentum] 
695 |a Portugália 
695 |a adósságválság 
695 |a Válságkezelés 
700 1 |a Antalóczy Dr. Katalin  |e ths 
856 4 0 |u http://dolgozattar.uni-bge.hu/13877/1/Juh%C3%A1sz%20Bence%20M%C3%A1t%C3%A9%20SZAKDOLGOZAT.pdf  |z Dokumentum-elérés